00685nam a2200217Ia 450000500170000000800410001702000120005804000190007004100120008908200160010110000220011724500460013926000460018530000160023150400590024765000260030685000100033294200070034299900160034995201020036520221122123224.0131103s9999 xx 000 0 und d cRs.5.50 aLoreto College aEnglish a954.03bSEN aSen,Surendra Nath aEighteen fifty - sevencSurendra Nath Sen aCalcuttabThe Publications Divisionc1957 axxi,468 p.  aIncludes index,glossary and bibliographical references aModern Indian History aLCLIB cBK c9911d60390 00102ddc4070aMAINbMAINd2013-11-04l0o954.03 SEN 11428pB9789r2013-11-04w2013-11-04yBKf